Quizzes
Events
Quiz Creation
Community
Videos
Private Events
Remove Ads
Sign In
Join for FREE
Feedback
Dark Mode
Quiz Categories
Sports
Geography
Music
Movies
Television
Just For Fun
Miscellaneous
History
Literature
Language
Science
Gaming
Entertainment
Religion
Holiday
For Kids
Quiz Lab
Recent
Popular Today
Quiz Kudos Today
Editor Picks
Curator Picks
Quizzes by...
Day
Popularity
Type
Ratings
Length
Year
Community
Subscriptions
Recent Discussions
Orange Saloon
Badges
Playlists
Quests
Create
Leaderboards
Showdown
Live 5
Trivia Bingo
Activity
Puzzle Library
Sporcle Events
Private Events
Virtual Trivia
Globe League
Become a Host
Pub Owners
SporcleCon
Opinionation
Our Games
Videos
Blog
Mobile Apps
Partnerships
Remove Ads and Go Orange
Feedback
Sports
Athletes
MLB
NBA
NHL
NFL
Soccer
Sports Teams
WWE
NCAA
Football
Premier League
Basketball
Baseball
Hockey
Golf
Tennis
Cricket
Rugby
Auto Racing
Olympics
World Cup
Sports
Athletes
MLB
NBA
NHL
NFL
Soccer
Sports Teams
WWE
NCAA
Football
Premier League
Basketball
Baseball
Hockey
Golf
Tennis
Cricket
Rugby
Auto Racing
Olympics
World Cup
Random Quiz
Search Sporcle
×
Quiz Lab
Quiz Lab
Sports
College
Type in answers that appear in a list
Type in answers that appear in a list
Classic
Best Score? Go Orange.
1996 NBA Draft Class Stats
Can you name the 1996 NBA Draft Class?
By
mackremy1
3m
29 Questions
1,124 Plays
1,124 Plays
1,124 Plays
Comments
Comments
Give Quiz Kudos
Give Quiz Kudos
-
- Ratings
hide this ad
Replay
Link that replays current quiz
Next Quiz
Link to next quiz in quiz playlist
You Got
0%
They Got
Avg Score
41%
Avg Friend Score
Upgrade to see
Score Distribution
Jump to the score distribution portion of the page
Score
0/29
Timer
03:00
0
Plays Today
Team (position)
Player
% Correct
Philadelphia 76ers (sg)
Allen Iverson
98%
Toronto Raptors (c)
Marcus Camby
82.1%
Charlotte Hornets (sg)
Kobe Bryant
79.6%
Phoenix Suns (pg)
Steve Nash
77.4%
Minnesota Timberwolves (sg)
Ray Allen
73%
Boston Celtics (sf)
Antoine Walker
68.8%
Dallas Mavericks (pf)
Samaki Walker
67.7%
Milwaukee Bucks (pg)
Stephon Marbury
64.4%
Vancouver Grizzlies (pf)
Shareef Abdur-Rahim
60.5%
New Jersey Nets (sg)
Kerry Kittles
56.7%
Portland Trail Blazers (pf/
c)
Jermaine Oneal
53.1%
Los Angeles Lakers (pg)
Derek Fisher
45.3%
Sacramento Kings (sf)
Peja Stojakovic
44%
Cleveland Cavaliers (c)
Zydrunas Ilgauskas
43.6%
New York Knicks (pf)
John Wallace
38.8%
Team (position)
Player
% Correct
Los Angeles Clippers (c)
Lorenzen Wright
32.9%
Indiana Pacers (c)
Erick Dampier
32.4%
New York Knicks (f)
Dontae Jones
29.8%
Detroit Pistons (f)
Jerome Williams
29.3%
Charlotte Hornets (sg)
Tony Delk
27%
New York Knicks (pf)
Walter McCarty
22%
Golden State Warriors (c)
Todd Fuller
18.8%
Cleveland Cavaliers (c)
Vitaly Potapenko
17.3%
Chicago Bulls (c)
Tarvis Knight
13%
Orlando Magic (f)
Brian Evans
8%
Memphis Grizzlies (pf)
Roy Rogers
7.9%
Atlanta Hawks (c)
Priest Lauderdale
7.4%
Utah Jazz (pf)
Martin Muursepp
4.7%
Denver Nuggets (c)
Efthimios Rentzias
4.4%
Quiz Playlist
Details
Report
Send in Message
Add To Playlist
Classic:
Type in answers that appear in a list
Quiz Source
Last Updated: Dec 17, 2018
Quiz Scoreboard
CHALLENGE
Sign Up to Join the Scoreboard
Show All
Scores
Hide
Comments
May contain spoilers
Recently Published
Women Country Music Singer Match-Up
by babymonkee
Music
5m
TV Characters by Other Roles V
by ghcgh
Television
5m
Decade Duel: World Leaders
by jenniferyan
History
4m
More to Explore
Quiz From the Vault
Featured Blog Post
15 Basketball Trivia Facts You Can Be March Mad About
hide this ad
You Might Also Like...
Tags
Basketball Quiz
College Quiz
Football Quiz
NBA Quiz
1996
class
Draft
Player
team
Today's Top Quizzes in Sports
Browse Sports
hide this ad
Today's Top Quizzes in College
Browse College
Top Contributed Quizzes in Sports
1
MLB 2 truths and a lie: Hall of Fame pitchers
2
Les joueurs à 100 buts en Ligue 1 Uber Eats
3
2022 World Cup Stars
4
Pick 6: NFL Teams
5
Pick 6: Minor League Baseball
6
Millionaire: NBA Finals Edition
7
50+ Goals in European Competition
8
Click the 1998 NBA Draft
9
Pick 6: Olympics
10
Iconic Moments in Football - Multiple Choice
Explore More
Trending Topics
NBA
Disney
Kpop
Anime
Harry Potter
Crossword
Marvel
Puzzle
Song
Country
WWE
Soccer
NFL
Pokémon
The Office
hide this ad
More By:
mackremy1
Quiz
Plays
Rating
Category
Featured
Created
1996 NBA Draft Class
1,124
3.00
Sports
Feb 15, 2010
Career Of Jim Jackson
93
Sports
Dec 10, 2009
Go to Creator's Profile
Score Distribution
Quiz Creator Spotlight
mackremy1
Follow
Send a Message
Quizzes Created
-
Created Quiz Play Count
-
More By This Creator
Popular Quizzes Today
1
Countries of Asia Without Outlines Minefield
2
Find the US States - No Outlines Minefield
3
Pick 6: Fruits
4
The Countries of the World
5
Find the Countries of Europe - No Outlines Minefield
6
Alphabetical 'K' Countries by Flag Minefield
7
Find the US States
8
US States
More Sports Quizzes
International Footballers: Gather the Greeks II
Quiz Lab
Trending Quizzes
Pick 6: Mountains
Pick 6: Harry Potter
Pick 6: NFL Teams
Pick 6: Flags
C Names for Actors
Recently Updated
Adaptations: Name the Title
pecheneg
NWSL Teams
pecheneg
Women's Final Four Teams by Year
bhenderson79
Presidents Quartet II
eogle
Anything But Clue(do)
eogle
Anything But Oceanian Capitals
eogle
Anything But 7
eogle
Anything But Thing
eogle
Word Ladder: February 29
pecheneg
Song Title Questions
pecheneg
Trending Topics
Kpop
Crossword
Marvel
NBA
Harry Potter
Anime
Disney
Country
Song
The Office
Puzzle
NFL
WWE
Soccer
Pokémon
Your Account Isn't Verified!
In order to create a playlist on Sporcle, you need to verify the email address you used during registration. Go to your
Sporcle Settings
to finish the process.
Report this User
Report this user for behavior that violates our
Community Guidelines
.
Details:
Send Report
Go to the Sporcle.com Mobile Site →
Comments